[Event "Danmarksmesterskabet 1987"]
[Site "Holstebro"]
[Date "1987.04.14"]
[Round "5"]
[White "Hoi, Carsten"]
[Black "Sahl, Bjarke"]
[Result "1-0"]
[WhiteElo "2411"]
[BlackElo "2405"]
[EventDate "1987.04.10"]
[EventType "Round Robin"]
[EventRounds "11"]
[EventCountry "Denmark"]
[SourceTitle "Gl Danbase"]

1. d4 d5 2. Nc3 c6 3. Bg5 Nd7 4. e3 Qb6 5. Rb1 e5 6. Nf3 h6 7. Bh4 e4 8. Nd2 Be7 9. Bg3 h5 10. h3 Qd8 11. Be2 h4 12. Bh2 f5 13. O-O Ndf6 14. Na4 Bd6 15. Bxd6 Qxd6 16. c4 f4 17. exf4 Ne7 18. cxd5 cxd5 19. Nc3 a6 20. Qa4+ Kf7 21. f3 e3 22. Nde4 Qxf4 23. Qa3 Nf5 24. Nxf6 gxf6 25. Nxd5 Qg3 26. Rbc1 Rd8 27. Rc7+ Rd7 28. Rxd7+ Bxd7 29. Nxe3 Re8 30. Qb3+ Kg7 31. Nxf5+ Bxf5 32. Qxb7+ Kh8 33. Qxa6 Re6 34. Qc8+ Kg7 35. Qb7+ Kg6 36. Qb5 Bxh3 37. Rf2 Bf5 38. Bd3 Re1+ 39. Rf1 Rxf1+ 40. Kxf1 Bxd3+ 41. Qxd3+ Kg7 42. Qf5 1-0

[Event "Danmarksmesterskabet 1987"]
[Site "Holstebro"]
[Date "1987.04.15"]
[Round "6"]
[White "Brinck Claussen, Bjorn"]
[Black "Danielsen, Henrik"]
[Result "0-1"]
[WhiteElo "2425"]
[BlackElo "2401"]
[EventDate "1987.04.10"]
[EventType "Round Robin"]
[EventRounds "11"]
[EventCountry "Denmark"]
[SourceTitle "Gl Danbase"]

1. d4 e6 2. c4 Bb4+ 3. Nc3 f5 4. Bd2 Nf6 5. g3 O-O 6. Bg2 d6 7. a3 Bxc3 8. Bxc3 Ne4 9. Qc2 Qf6 10. Nf3 Nc6 11. O-O e5 12. Rad1 a5 13. b3 Nxc3 14. Qxc3 f4 15. d5 Ne7 16. Nd2 Qh6 17. Ne4 Nf5 18. Rfe1 Nd4 19. c5 Bg4 20. f3 Bf5 21. e3 fxe3 22. Rxe3 b5 23. Ree1 b4 24. axb4 axb4 25. Qc4 Ra2 26. Rxd4 exd4 27. Qxd4 Bxe4 28. Qxe4 Qd2 29. f4 dxc5 30. h4 c4 31. d6 cxd6 32. Qxc4+ Kh8 33. Qe4 d5 0-1

[Event "Danmarksmesterskabet 1987"]
[Site "Holstebro"]
[Date "1987.04.17"]
[Round "8"]
[White "Pedersen, Erik"]
[Black "Danielsen, Henrik"]
[Result "1/2-1/2"]
[WhiteElo "2440"]
[BlackElo "2401"]
[EventDate "1987.04.10"]
[EventType "Round Robin"]
[EventRounds "11"]
[EventCountry "Denmark"]
[SourceTitle "Gl Danbase"]

1. c4 e5 2. g3 Nf6 3. Bg2 c6 4. d4 exd4 5. Qxd4 d5 6. Nc3 dxc4 7. Qxc4 Be6 8. Qa4 Qb6 9. Nf3 Na6 10. O-O Be7 11. Be3 Qxb2 12. Rab1 Qxc3 13. Rxb7 Qc4 14. Rxe7+ Kxe7 15. Qa3+ Qb4 16. Qxa6 Bd5 17. Nd4 Rac8 18. Bxd5 cxd5 19. Nc6+ Rxc6 20. Qxc6 d4 21. Bg5 Re8 22. Rc1 Qd6 23. Qb7+ Kf8 24. Rc7 Qe6 25. Qxa7 Ne4 26. Bc1 Nc3 27. Ba3+ Kg8 28. Re7 Rxe7 29. Qxe7 Qxe7 30. Bxe7 Nxa2 31. Kf1 Nc1 32. Ba3 Nb3 33. Ke1 f6 34. Bb4 Kf7 35. Kd1 d3 36. exd3 Ke6 37. Bc3 Kd5 38. Ke2 Nc5 39. Ke3 Ne6 40. g4 Nc5 41. f4 Nd7 42. f5 Nb8 43. Kf4 Nc6 44. g5 Nd4 45. gxf6 gxf6 46. Bb2 h5 47. h4 Ne2+ 48. Ke3 Ng3 49. Bxf6 Nxf5+ 50. Kf3 Ke6 51. Bg5 Kd5 52. Ke2 Nd4+ 1/2-1/2

[Event "Danmarksmesterskabet 1987"]
[Site "Holstebro"]
[Date "1987.04.12"]
[Round "3"]
[White "Pedersen, Erik"]
[Black "Sahl, Bjarke"]
[Result "1-0"]
[WhiteElo "2440"]
[BlackElo "2405"]
[EventDate "1987.04.10"]
[EventType "Round Robin"]
[EventRounds "11"]
[EventCountry "Denmark"]
[SourceTitle "Gl Danbase"]

1. c4 e5 2. g3 Nf6 3. Bg2 c6 4. Nf3 e4 5. Nd4 d5 6. cxd5 Qxd5 7. e3 Bg4 8. Qc2 Na6 9. Nc3 Nb4 10. Qb1 Nd3+ 11. Qxd3 exd3 12. Nxd5 Nxd5 13. Be4 Nb4 14. a3 f5 15. Bg2 Nc2+ 16. Nxc2 dxc2 17. f3 Bh5 18. d3 a5 19. Kd2 a4 20. Kxc2 Bf7 21. Bd2 Bb3+ 22. Kc1 Rd8 23. Bf1 h5 24. h4 Rh6 25. Bc3 Rg6 26. Rg1 Bc5 27. d4 f4 28. Bd3 Re6 29. gxf4 Rxe3 30. Kd2 Rxf3 31. Ke2 Rxd3 32. Kxd3 Bxd4 33. Bxd4 c5 34. Rge1+ Kf7 35. Re4 g6 36. Ke3 cxd4+ 37. Rxd4 Re8+ 38. Kd3 b5 39. Rc1 Kf6 1-0

[Event "Danmarksmesterskabet 1987"]
[Site "Holstebro"]
[Date "1987.04.11"]
[Round "2"]
[White "Sloth, Jorn"]
[Black "Jelling, Erik"]
[Result "1/2-1/2"]
[WhiteElo "2381"]
[BlackElo "2382"]
[EventDate "1987.04.10"]
[EventType "Round Robin"]
[EventRounds "11"]
[EventCountry "Denmark"]
[SourceTitle "Gl Danbase"]

1. d4 Nf6 2. c4 c5 3. Nf3 cxd4 4. Nxd4 e6 5. g3 a6 6. Bg2 Qc7 7. Nd2 Nc6 8. Nxc6 dxc6 9. O-O Be7 10. Qc2 O-O 11. b3 e5 12. Bb2 Be6 13. c5 Nd7 14. b4 a5 15. a3 axb4 16. axb4 Rfd8 17. Nc4 Rxa1 18. Rxa1 f6 19. Be4 Nf8 20. Nb6 Kh8 21. h4 Bg8 22. Ra7 Ne6 23. e3 Qb8 24. Ra8 Qc7 25. Ra1 Nf8 26. Bf5 Ne6 27. h5 Nf8 28. Kg2 Bf7 29. Rh1 Kg8 30. Bc3 Re8 31. g4 Rd8 32. Ra1 Be6 33. Ra7 Bf7 34. Be4 Nd7 35. Bxh7+ Kf8 36. Nxd7+ Rxd7 37. Bf5 Rd8 38. f3 Qb8 39. Ra5 b6 40. cxb6 Qxb6 41. Kf2 Bxb4 42. Bxb4+ Qxb4 43. Qc5+ Qxc5 44. Rxc5 Rd2+ 45. Kg3 Re2 46. Rxc6 Rxe3 47. Be4 Ra3 48. Rc8+ Ke7 49. Rc7+ Kf8 50. Rb7 Be6 51. Kh4 Ra1 52. Kg3 Ra3 53. Rb8+ Ke7 54. Rb7+ 1/2-1/2

[Event "Danmarksmesterskabet 1987"]
[Site "Holstebro"]
[Date "1987.04.14"]
[Round "5"]
[White "Sloth, Jorn"]
[Black "Mortensen, Erling"]
[Result "0-1"]
[WhiteElo "2381"]
[BlackElo "2454"]
[EventDate "1987.04.10"]
[EventType "Round Robin"]
[EventRounds "11"]
[EventCountry "Denmark"]
[SourceTitle "Gl Danbase"]

1. Nf3 Nf6 2. c4 g6 3. b4 Bg7 4. Bb2 O-O 5. e3 d6 6. Be2 e5 7. d3 a5 8. a3 e4 9. dxe4 Nxe4 10. Bxg7 Kxg7 11. Qd4+ Qf6 12. Nbd2 Nc3 13. Qxf6+ Kxf6 14. b5 Nd7 15. Rc1 Nxe2 16. Kxe2 Nc5 17. Nd4 b6 18. N4b3 Bb7 19. Nxc5 dxc5 20. f3 Rad8 21. Rc3 Rd6 22. Rd3 Rfd8 23. Rxd6+ cxd6 24. e4 Ke5 25. Kd3 f5 26. Re1 Kf6 27. g3 Re8 28. Re3 Re6 29. f4 h6 30. h3 Re7 31. Re2 Bc8 32. Rh2 Kf7 33. g4 Kg7 34. exf5 gxf5 35. Rg2 fxg4 36. hxg4 Re1 37. Rg3 Be6 38. f5 Bf7 39. g5 hxg5 40. Rxg5+ Kf6 41. Rg3 Kxf5 42. Rf3+ Ke6 43. Rg3 Ke7 44. Kc3 Re6 45. Nf1 Re4 46. Ne3 Rf4 47. Rh3 Kf6 48. Rg3 Be6 49. Kd3 Rd4+ 50. Kc3 Ke5 51. Rg6 Rh4 52. Kd3 Rh3 53. Kd2 Rh2+ 54. Kc3 Re2 55. Nd5 Bxd5 56. Rg5+ Ke6 57. Rxd5 Re3+ 58. Kb2 a4 59. Rh5 Rb3+ 60. Ka2 Rc3 61. Rh4 Ke5 0-1

[Event "Danmarksmesterskabet 1987"]
[Site "Holstebro"]
[Date "1987.04.10"]
[Round "1"]
[White "Pedersen, Erik"]
[Black "Brinck Claussen, Bjorn"]
[Result "1/2-1/2"]
[WhiteElo "2440"]
[BlackElo "2425"]
[EventDate "1987.04.10"]
[EventType "Round Robin"]
[EventRounds "11"]
[EventCountry "Denmark"]
[SourceTitle "Gl Danbase"]

1. c4 Nf6 2. Nf3 g6 3. g3 Bg7 4. Bg2 O-O 5. O-O d6 6. Nc3 Nc6 7. Rb1 e5 8. b4 Bf5 9. d3 Qd7 10. b5 Nd4 11. Nxd4 exd4 12. Nd5 Bh3 13. Nxf6+ Bxf6 14. Bxb7 Bxf1 15. Bxa8 Bxe2 16. Qxe2 Rxa8 17. Qf3 Qd8 18. Bd2 Kg7 19. Ba5 Rc8 20. Qc6 h5 21. Re1 h4 22. Kg2 Be5 23. Qe4 Qd7 24. Qxh4 Rh8 25. Qe4 Qh3+ 26. Kg1 Qxh2+ 27. Kf1 Qh3+ 28. Ke2 Qc8 29. Kd1 Rh2 30. Re2 Bf6 31. f4 Rh3 32. Be1 Rh5 33. Bf2 d5 34. cxd5 Qd7 35. Bxd4 Rxd5 36. Bxf6+ 1/2-1/2

[Event "Danmarksmesterskabet 1987"]
[Site "Holstebro"]
[Date "1987.04.13"]
[Round "4"]
[White "Pedersen, Erik"]
[Black "Hoi, Carsten"]
[Result "1/2-1/2"]
[WhiteElo "2440"]
[BlackElo "2411"]
[EventDate "1987.04.10"]
[EventType "Round Robin"]
[EventRounds "11"]
[EventCountry "Denmark"]
[SourceTitle "Gl Danbase"]

1. d4 d6 2. Nf3 Bg4 3. e4 Nf6 4. Bc4 Nc6 5. c3 e6 6. h3 Bh5 7. Qe2 Be7 8. Bg5 h6 9. Bh4 O-O 10. Nbd2 a6 11. Bd3 e5 12. g4 Bg6 13. dxe5 dxe5 14. Nc4 Nd7 15. Bg3 Bd6 16. Nh4 Bh7 1/2-1/2

[Event "Danmarksmesterskabet 1987"]
[Site "Holstebro"]
[Date "1987.04.15"]
[Round "6"]
[White "Fries Nielsen, Jens Ove"]
[Black "Jelling, Erik"]
[Result "1-0"]
[WhiteElo "2394"]
[BlackElo "2382"]
[EventDate "1987.04.10"]
[EventType "Round Robin"]
[EventRounds "11"]
[EventCountry "Denmark"]
[SourceTitle "Gl Danbase"]

1. Nf3 d5 2. e3 Nf6 3. b4 Bg4 4. Bb2 Nbd7 5. Be2 c6 6. a3 e6 7. Nc3 Bd6 8. Nd4 Bxe2 9. Qxe2 Qc7 10. f4 O-O 11. O-O e5 12. Nf5 exf4 13. Nxd6 Qxd6 14. Rxf4 Ne5 15. Raf1 Rae8 16. Rxf6 gxf6 17. Qh5 f5 18. Rxf5 f6 19. Ne2 Re7 20. Qh6 Ng6 21. Ng3 Qe6 22. h4 Ref7 23. h5 Ne7 24. Rg5+ Kh8 25. Re5 Ng8 26. Qxh7+ Kxh7 27. Rxe6 Rg7 28. Ne2 Rff7 29. Re8 Nh6 30. Nf4 Rg8 31. Re6 Ng4 32. Bd4 a6 33. a4 Rgg7 34. b5 axb5 35. axb5 Re7 36. bxc6 bxc6 37. Rxc6 Rc7 38. Rxc7 Rxc7 39. c3 Rb7 40. Kf1 Rb5 41. Ke2 Kh6 42. Ne6 Ra5 43. Nc7 Kxh5 44. Bb6 Ra2 45. Nxd5 Kg5 46. e4 Ra4 47. Bd4 f5 48. exf5 Kxf5 1-0